000 00196nmm a2200085Ia 4500
008 220120s9999||||xx |||||||||||||||||und||
100 _aDigit
245 0 _aApples, WWDC 2014
260 _aNine dot Nine
999 _c139912
_d139912